Sociálne poistenie v Slovenskej republike
Sociálne poistenie v Slovenskej republike, zhodnotenie systému z kvalitatívnej a kvantitatívnej stránky so zameraním na oblasť nemocenského poistenia. Komparatívna analýza s Českou správou sociálneho zabezpečenia a Maďarskou zdravotnou poisťovňou.
Salvato in:
| Autore principale: | |
|---|---|
| Natura: | Capitolo di libro |
| Lingua: | slovacco |
| Soggetti: | |
| Tags: |
Nessun Tag, puoi essere il primo ad aggiungerne!!
|
MARC
| LEADER | 00000naa a2200000 4500 | ||
|---|---|---|---|
| 001 | 0212639 | ||
| 005 | 20220725101133.4 | ||
| 041 | 0 | |a slo | |
| 044 | |a SK | ||
| 245 | 1 | 0 | |a Sociálne poistenie v Slovenskej republike |c Gyöngyike Tóthová |
| 520 | |a Sociálne poistenie v Slovenskej republike, zhodnotenie systému z kvalitatívnej a kvantitatívnej stránky so zameraním na oblasť nemocenského poistenia. Komparatívna analýza s Českou správou sociálneho zabezpečenia a Maďarskou zdravotnou poisťovňou. | ||
| 610 | 2 | 0 | |a Slovensko |
| 610 | 2 | 0 | |a Česko |
| 610 | 2 | 0 | |a Maďarsko |
| 610 | 2 | 0 | |a analýza komparatívna |
| 610 | 2 | 0 | |a systémy sociálne |
| 610 | 2 | 0 | |a poistenie sociálne |
| 100 | 1 | |a Tóthová, Gyöngyike | |